National Grid Co plc v M25 Group Ltd (Record no. 58255)
[ view plain ]
| 000 -LEADER | |
|---|---|
| fixed length control field | 01724cab a2200265 4500 |
| 001 - CONTROL NUMBER | |
| control field | ABS60198 |
| 008 - FIXED-LENGTH DATA ELEMENTS--GENERAL INFORMATION | |
| fixed length control field | 090401t1999 xxu||||| |||| 00| 0 eng d |
| 035 ## - SYSTEM CONTROL NUMBER | |
| System control number | (Sirsi) u91801 |
| 041 ## - LANGUAGE CODE | |
| Language code of text/sound track or separate title | eng |
| 245 ## - TITLE STATEMENT | |
| Title | National Grid Co plc v M25 Group Ltd |
| 260 ## - PUBLICATION, DISTRIBUTION, ETC. | |
| Date of publication, distribution, etc. | 1999 |
| 350 ## - PRICE (NR) (BK AM CF MU VM SE) [OBSOLETE] | |
| Price | 0 |
| 490 ## - SERIES STATEMENT | |
| Series statement | Estates Gazette |
| Volume/sequential designation | [1999] 08 EG, 169-173(5) |
| 520 ## - SUMMARY, ETC. | |
| Summary, etc. | CA 21 December 1998. By lease issued July 1968, N held a term of a piece of land used with adjoining land as an electricity substation. The rent was subject to review in June 1994. A valuer was appointed on 20 December 1995 as an expert witness. Under the rent review clause, the expert was directed to consider certain disregards and directions when deciding on the new rent. N appealed for a rent of £25,000 and M for £914,925. N issued a summons seeking the determination of certain issues such as the extent of fixtures and fittings, assumed access and the identification of improvements made by the tenant. M`s appeal to strike the summons was allowed. "Held", appeal allowed. The valuer had the power to determine whether any and if so what increase should be made in the rent payable. However, this was not the whole matter as the valuer had to observe certain contractual directions and disregards. The lease did not confer on the expert the sole power to construe the lease. |
| 650 ## - SUBJECT ADDED ENTRY--TOPICAL TERM | |
| Topical term or geographic name entry element | DISREGARDS |
| 650 ## - SUBJECT ADDED ENTRY--TOPICAL TERM | |
| Topical term or geographic name entry element | EXPERT WITNESSES |
| 650 ## - SUBJECT ADDED ENTRY--TOPICAL TERM | |
| Topical term or geographic name entry element | LEASES |
| 650 ## - SUBJECT ADDED ENTRY--TOPICAL TERM | |
| Topical term or geographic name entry element | NATIONAL GRID CO PLC V M25 GROUP LTD |
| 650 ## - SUBJECT ADDED ENTRY--TOPICAL TERM | |
| Topical term or geographic name entry element | NORWICH UNION LIFE INSURANCE SOCIETY V P&O PROPERTY HOLDINGS LTD |
| 650 ## - SUBJECT ADDED ENTRY--TOPICAL TERM | |
| Topical term or geographic name entry element | ORIGINATING SUMMONS |
| 650 ## - SUBJECT ADDED ENTRY--TOPICAL TERM | |
| Topical term or geographic name entry element | RENT REVIEWS |
| 690 ## - LOCAL SUBJECT ADDED ENTRY--TOPICAL TERM (OCLC, RLIN) | |
| Topical term or geographic name as entry element | LANDLORD AND TENANT-CASE LAW-BUSINESS TENANCIES |
| 942 ## - ADDED ENTRY ELEMENTS (KOHA) | |
| Suppress in OPAC | 0 |
| 948 ## - LOCAL PROCESSING INFORMATION (OCLC); SERIES PART DESIGNATOR (RLIN) | |
| c (OCLC) | 05/03/1999 |
| Withdrawn status | Lost status | Source of classification or shelving scheme | Damaged status | Not for loan | Home library | Current library | Shelving location | Date acquired | Total Checkouts | Full call number | Barcode | Date last seen | Copy number | Price effective from | Koha item type |
|---|---|---|---|---|---|---|---|---|---|---|---|---|---|---|---|
| Dewey Decimal Classification | London | London | Journal article | 14/09/1999 | ABS60198 | 91801-1001 | 06/08/2019 | 1 | 06/08/2019 | Law report |